Les phases de Poules de l'Euro 2024. - Statistiques

Statistiques générales
  • Ce quiz a été pris 79 fois
  • Le résultat moyen est 22 sur 24
Statistiques - réponses
Réponse % Correct
Espagne
100%
France
100%
Italie
98%
Pays-Bas
98%
Portugal
98%
Allemagne
97%
Angleterre
97%
Autriche
95%
Belgique
95%
Suisse
95%
Pologne
94%
Slovaquie
94%
Hongrie
92%
Slovénie
92%
Turquie
92%
Croatie
90%
Danemark
90%
Roumanie
90%
Ukraine
90%
Ecosse
84%
Serbie
84%
Georgie
83%
Albanie
75%
Tchequie
75%
Aucun quiz correspondant
Distribution des résultats
% des personnes avec chaque résultat
Percentile par nombre de réponses
Votre historique - résultats
Vous n’avez pas pris ce quiz